[Event "Bayern-chI Bank Hofmann 26th"]
[Site "Tegernsee"]
[Date "2023.10.30"]
[Round "3"]
[White "Semprun Martinez, Fernando M"]
[Black "Groessing, Daniel Yosuke"]
[Result "1-0"]
[WhiteElo "2064"]
[BlackElo "1755"]
[PlyCount "65"]
[EventDate "2023.10.28"]
[EventType "swiss"]
[EventRounds "9"]
[EventCountry "GER"]
[SourceTitle "Mega2024 Update 01"]
[Source "Chessbase"]
[SourceDate "2023.11.12"]
[SourceVersion "1"]
[SourceVersionDate "2023.11.12"]
[SourceQuality "1"]

1. c4 e5 2. Nc3 Nf6 3. Nf3 Nc6 4. g3 Bc5 5. Bg2 0-0 6. 0-0 a6 7. a3 d6 8. b4 Bb6 9. d3 h6 10. Bb2 Be6 11. Rc1 a5 12. b5 Nb8 13. Na4 Nbd7 14. d4 e4 15. Nd2 d5 16. cxd5 Bxd5 17. Nxb6 Nxb6 18. Qc2 e3 19. fxe3 Bxg2 20. Kxg2 Qd5+ 21. Rf3 Qxb5 22. Nf1 c6 23. e4 Rae8 24. e5 Nfd7 25. Rb1 Qd5 26. e4 Qe6 27. Bc3 Ra8 28. Ne3 g6 29. Qd2 Ra6 30. d5 cxd5 31. exd5 Qe7 32. Ng4 Qg5 33. Nxh6+ 1-0

[Event "GER-ch U25-B"]
[Site "Willingen"]
[Date "2023.06.01"]
[Round "7"]
[White "Weyerer, Noah"]
[Black "Groessing, Daniel Yosuke"]
[Result "1/2-1/2"]
[WhiteElo "1677"]
[BlackElo "1615"]
[PlyCount "69"]
[EventDate "2023.05.27"]
[EventType "swiss"]
[EventRounds "9"]
[EventCountry "GER"]
[SourceTitle "CBM 214 Extra"]
[Source "ChessBase"]
[SourceDate "2023.07.31"]
[SourceVersion "1"]
[SourceVersionDate "2023.07.31"]
[SourceQuality "1"]

1. c4 e5 2. Nc3 Bb4 3. Nd5 Ba5 4. b4 c6 5. bxa5 cxd5 6. cxd5 Nf6 7. Qc2 0-0 8. e4 Qxa5 9. Bb2 d6 10. Bc4 Nbd7 11. Ne2 Nc5 12. Ng3 Bd7 13. Bc3 Qc7 14. Be2 Rac8 15. a4 g6 16. 0-0 Ne8 17. f4 f6 18. fxe5 dxe5 19. Bb5 Nd6 20. Bxd7 Qxd7 21. Rfe1 Rf7 22. Qd1 Re8 23. d3 Kg7 24. Bb4 Na6 25. Bxd6 Qxd6 26. Rc1 Nb4 27. Rc4 a5 28. Qd2 Qb6+ 29. Kh1 Qd6 30. d4 exd4 31. Qxd4 Qd7 32. Ra1 Rfe7 33. Qc3 b6 34. Rf1 Qd6 35. Qd4 1/2-1/2

[Event "EU Union-ch U10 19th"]
[Site "Mureck"]
[Date "2022.08.06"]
[Round "4"]
[White "Borgoiakova, Ailana"]
[Black "Groessing, Daniel Yosuke"]
[Result "0-1"]
[WhiteElo "903"]
[BlackElo "1089"]
[PlyCount "84"]
[EventDate "2022.08.03"]
[EventType "swiss"]
[EventRounds "9"]
[EventCountry "AUT"]
[SourceTitle "EXT 2023"]
[Source "ChessBase"]
[SourceDate "2022.10.05"]
[SourceVersion "1"]
[SourceVersionDate "2022.10.05"]
[SourceQuality "1"]

1. e4 c6 2. d4 d5 3. Nc3 dxe4 4. Nxe4 Bf5 5. Nc3 Nf6 6. Nf3 e6 7. Bd3 Bxd3 8. Qxd3 Bb4 9. 0-0 0-0 10. a3 Ba5 11. b4 Bc7 12. Bg5 h6 13. Bxf6 Qxf6 14. Ne4 Qe7 15. c4 Rd8 16. Rfe1 Nd7 17. Rad1 a5 18. d5 Ne5 19. Qc3 Nxf3+ 20. Qxf3 cxd5 21. Nd2 dxc4 22. Nxc4 axb4 23. axb4 Qxb4 24. Ne3 Rxd1 25. Rxd1 Qf4 26. Qh5 Ra2 27. Ng4 Ra3 28. g3 Qf5 29. Qxf5 exf5 30. Ne3 g6 31. Nd5 Be5 32. Ne7+ Kf8 33. Nc8 b5 34. Rd8+ Kg7 35. Rd5 Kf6 36. Rxb5 Rc3 37. Na7 Bd4 38. Rb7 Rc2 39. Kg2 Rxf2+ 40. Kh3 g5 41. Nb5 g4+ 42. Kh4 Rxh2# 0-1

[Event "AUT-ch U10"]
[Site "St Veit"]
[Date "2022.06.06"]
[Round "7"]
[White "Groessing, Daniel Yosuke"]
[Black "Halimi, Dorian"]
[Result "1-0"]
[WhiteElo "1089"]
[BlackElo "923"]
[PlyCount "81"]
[EventDate "2022.06.04"]
[EventType "swiss"]
[EventRounds "7"]
[EventCountry "AUT"]
[SourceTitle "EXT 2023"]
[Source "ChessBase"]
[SourceDate "2022.10.05"]
[SourceVersion "1"]
[SourceVersionDate "2022.10.05"]
[SourceQuality "1"]

1. d4 d5 2. c4 dxc4 3. e4 e6 4. Nc3 Nc6 5. Nf3 Bb4 6. Bxc4 Bxc3+ 7. bxc3 Nge7 8. 0-0 0-0 9. Bd3 Ng6 10. e5 f6 11. Bxg6 hxg6 12. Nh4 Kf7 13. Qg4 Ne7 14. Ba3 f5 15. Qg3 Kg8 16. Bxe7 Qxe7 17. Nxg6 Qf7 18. Nxf8 Qxf8 19. f4 b6 20. Rad1 Bb7 21. c4 c5 22. d5 exd5 23. cxd5 Rd8 24. Rfe1 Qe8 25. Qg5 Rxd5 26. Rxd5 Bxd5 27. Rd1 Qc6 28. Qd8+ Kh7 29. Qxd5 Qb5 30. e6 Qe2 31. Qxf5+ Kh6 32. Qh3+ Kg6 33. Qd3+ Qxd3 34. Rxd3 Kf6 35. f5 Ke7 36. Rd7+ Ke8 37. Rxg7 c4 38. Rxa7 c3 39. Rc7 b5 40. f6 b4 41. Rc8# 1-0

[Event "AUT-ch U10"]
[Site "St Veit"]
[Date "2022.06.04"]
[Round "3"]
[White "Roessler, Lukas1111"]
[Black "Groessing, Daniel Yosuke"]
[Result "0-1"]
[WhiteElo "1076"]
[BlackElo "1089"]
[PlyCount "120"]
[EventDate "2022.06.04"]
[EventType "swiss"]
[EventRounds "7"]
[EventCountry "AUT"]
[SourceTitle "EXT 2023"]
[Source "ChessBase"]
[SourceDate "2022.10.05"]
[SourceVersion "1"]
[SourceVersionDate "2022.10.05"]
[SourceQuality "1"]

1. e4 c6 2. Nc3 d5 3. d4 dxe4 4. Nxe4 Bf5 5. Nc3 Nf6 6. Bc4 e6 7. Bg5 Nbd7 8. Nf3 Bb4 9. 0-0 0-0 10. Ne5 Be7 11. Bd3 Bxd3 12. Qxd3 h6 13. Nxd7 Qxd7 14. Bxf6 Bxf6 15. Rfe1 Qxd4 16. Ne4 Qxb2 17. Rab1 Qxa2 18. Nxf6+ gxf6 19. Qh3 Qxc2 20. Qxh6 Qg6 21. Qxg6+ fxg6 22. Rxe6 Rad8 23. h3 Rf7 24. Rb3 Kg7 25. Re2 b6 26. Ra2 c5 27. Kh2 Rfd7 28. f3 Rd2 29. Rxa7+ R8d7 30. Rxd7+ Rxd7 31. Rxb6 Rc7 32. Rb3 f5 33. Rc3 Kf6 34. f4 Ke6 35. Kg3 Kd5 36. Kf2 Kd4 37. Rc1 c4 38. Ke2 Ke4 39. Rf1 Ra7 40. g3 Ra3 41. Kf2 Rf3+ 42. Kg2 Rxf1 43. Kxf1 c3 44. Ke2 c2 45. Kd2 Kf3 46. Kxc2 Kxg3 47. Kd1 Kxf4 48. Ke1 Kg3 49. Kf1 Kxh3 50. Kg1 f4 51. Kf1 Kg3 52. Kg1 Kf3 53. Kf1 g5 54. Kg1 g4 55. Kf1 g3 56. Kg1 Kg4 57. Kg2 f3+ 58. Kf1 Kh3 59. Kg1 f2+ 60. Kf1 Kh2 0-1